Statistics for Biggest cities in Estonia

Click here to take the quiz!

General Stats

  • This quiz has been taken 2,047 times
    (2,046 since last reset)
  • The average score is 6 of 10

Answer Stats

PopulationCity% Correct
416,144Tallinn
99%
101,169Tartu
90%
45,500Parnu
82%
65,886Narva
81%
20,274Viljandi
53%
16,666Rakvere
50%
14,666Kuressaare
47%
47,679Kohtla-jarve
37%
16,666Maardu
23%
16,666Sillamae
21%

Score Distribution

Percentile by Number Answered

Percent of People with Each Score

Your Score History

You have not taken this quiz since the last reset